Sudden Death - Nachbarländer Ugandas - Statistiken

Allgemein
  • Dieses Quiz wurde 17 mal gespielt
  • Das Durchschnittsergebnis liegt bei 4 aus 6
Answers on the Grid
Answers color-coded by a green-red scale on the quiz's grid according to % correct below.
Uganda🇺🇬
Kenia🇰🇪
D. R. Kongo🇨🇩
Südsudan🇸🇸
Tansania🇹🇿
Ruanda🇷🇼
Burundi🇧🇮
Äthiopien🇪🇹
Sudan🇸🇩
Z.A.R.🇨🇫
Somalia🇸🇴
Eritrea🇪🇷
Dschibuti🇩🇯
Sambia🇿🇲
Südafrika🇿🇦
Kamerun🇨🇲
Republik Kongo🇨🇬
Ägypten🇪🇬
Nigeria🇳🇬
Malawi🇲🇼
Mosambik🇲🇿
 
Antwortstatistiken
Antwort % Korrekt
Ruanda🇷🇼
90%
Uganda🇺🇬
80%
D. R. Kongo🇨🇩
60%
Kenia🇰🇪
60%
Südsudan🇸🇸
50%
Tansania🇹🇿
30%
Keine übereinstimmenden Quizze gefunden
Verteilung der Resultate
Anzahl Personen mit jedem Resultat
Perzentil nach korrekt beantworteten Fragen
Ihre Resultats-Entwicklung
Sie haben dieses Quiz noch nicht gespielt